[Event "Titled Tuesday intern op 23rd Apr Late"]
[Site "Chess.com INT"]
[Date "2024.04.23"]
[Round "7"]
[White "Tejedor Fuente, Enrique"]
[Black "Reprintsev, Alexander"]
[Result "1-0"]
[WhiteElo "2401"]
[BlackElo "2241"]
[PlyCount "83"]
[EventDate "2024.04.23"]
[EventType "swiss (blitz)"]
[EventRounds "11"]
[EventCountry "USA"]
[SourceTitle "CB18_2024"]
[SourceDate "2024.05.01"]
[SourceVersion "1"]
[SourceVersionDate "2024.05.01"]
[SourceQuality "2"]

1. c4 e5 2. Nc3 Nf6 3. Nf3 e4 4. Ng5 c6 5. Ngxe4 Nxe4 6. Nxe4 d5 7. cxd5 cxd5 8. Ng3 h5 9. e3 h4 10. Ne2 h3 11. Nf4 Nc6 12. Nxh3 Bxh3 13. gxh3 d4 14. Bg2 Qg5 15. 0-0 Bd6 16. f4 Qg6 17. Qg4 Qd3 18. e4 g6 19. e5 Be7 20. Qf3 Qxf3 21. Rxf3 Rc8 22. Rb3 Nb4 23. Bxb7 Rc7 24. Be4 d3 25. a3 Nc2 26. Rb1 Rxh3 27. Rxd3 Rh4 28. Rc3 Rg4+ 29. Kh1 Bc5 30. Rg3 Rxf4 31. Bxc2 Rf1+ 32. Kg2 Rf2+ 33. Kh1 Rf1+ 34. Kg2 Rf2+ 35. Kh3 f5 36. exf6 Bd6 37. Bxg6+ Kf8 38. d4 Bxg3 39. Bh6+ Kg8 40. f7+ Rfxf7 41. Bxf7+ Kxf7 42. Kxg3 1-0

[Event "Titled Tuesday intern op 16th Jan Late"]
[Site "Chess.com INT"]
[Date "2024.01.16"]
[Round "5"]
[White "Grischuk, Alexander"]
[Black "Tejedor Fuente, Enrique"]
[Result "0-1"]
[WhiteElo "2732"]
[BlackElo "2395"]
[PlyCount "162"]
[EventDate "2024.01.16"]
[EventType "swiss (blitz)"]
[EventRounds "11"]
[EventCountry "USA"]
[SourceTitle "CB04_2024"]
[SourceDate "2023.10.16"]
[SourceVersion "1"]
[SourceVersionDate "2023.10.16"]
[SourceQuality "1"]

1. d4 Nf6 2. c4 c6 3. Bf4 d6 4. Nc3 Nbd7 5. Nf3 Qa5 6. Bd2 Qc7 7. g3 e5 8. Qc2 Be7 9. Bg2 0-0 10. 0-0 Re8 11. Rac1 a6 12. e4 Bf8 13. h3 Qb8 14. Be3 b5 15. cxb5 axb5 16. b3 Bb7 17. Rfe1 b4 18. Na4 exd4 19. Bxd4 c5 20. Bxf6 Nxf6 21. Nd2 Qc7 22. Nc4 Rad8 23. Rcd1 Bc6 24. f4 d5 25. exd5 Rxe1+ 26. Rxe1 Bxd5 27. Bxd5 Nxd5 28. Rd1 Nf6 29. Rxd8 Qxd8 30. Nab2 Qd4+ 31. Kg2 Qd5+ 32. Kg1 Qd4+ 33. Kg2 h5 34. Qd3 Qc3 35. Qxc3 bxc3 36. Nd3 Nd5 37. Kf3 Be7 38. Ne3 Nb4 39. Nxb4 cxb4 40. Ke4 Kf8 41. Nc2 Ke8 42. g4 hxg4 43. hxg4 Kd7 44. Kd3 Bd6 45. f5 Ke7 46. Kc4 Kf6 47. a3 bxa3 48. b4 a2 49. b5 Kg5 50. b6 Kxg4 51. Kd5 Bb8 52. Ke4 Kg5 53. b7 Bh2 54. Na1 Bg3 55. Nc2 Bc7 56. Na1 Kf6 57. Nc2 Ke7 58. Kd4 Kf6 59. Ke4 g6 60. fxg6 fxg6 61. Kd3 Be5 62. Kc4 g5 63. Kb3 g4 64. Kxa2 g3 65. Ne3 c2 66. Ng4+ Kf5 67. Nxe5 c1Q 68. b8Q Qd2+ 69. Kb3 Qe3+ 70. Ka2 Qe2+ 71. Ka3 Qxe5 72. Qf8+ Ke4 73. Qa8+ Qd5 74. Qe8+ Qe5 75. Qa8+ Ke3 76. Qa7+ Kf4 77. Qf7+ Qf5 78. Qc7+ Qe5 79. Qf7+ Kg5 80. Qf8 Qe3+ 81. Ka4 Qf4+ 0-1

[Event "Titled Tuesday intern op 16th Jan Late"]
[Site "Chess.com INT"]
[Date "2024.01.16"]
[Round "4"]
[White "Pinheiro, Iung Alicio"]
[Black "Tejedor Fuente, Enrique"]
[Result "0-1"]
[WhiteElo "2270"]
[BlackElo "2395"]
[PlyCount "42"]
[EventDate "2024.01.16"]
[EventType "swiss (blitz)"]
[EventRounds "11"]
[EventCountry "USA"]
[SourceTitle "CB04_2024"]
[SourceDate "2023.10.16"]
[SourceVersion "1"]
[SourceVersionDate "2023.10.16"]
[SourceQuality "1"]

1. d4 d5 2. Nf3 Nc6 3. Bf4 f6 4. e3 g5 5. Bg3 h5 6. h4 g4 7. Ng1 Nh6 8. Bd3 Nf5 9. Ne2 e5 10. dxe5 fxe5 11. e4 dxe4 12. Bxe4 Qxd1+ 13. Kxd1 Bc5 14. Nd2 Be6 15. Bxc6+ bxc6 16. Ne4 0-0-0+ 17. Ke1 Bb6 18. Rd1 Bd5 19. N2c3 Ba5 20. Kf1 Bxe4 21. Rxd8+ Rxd8 0-1

[Event "Titled Tuesday intern op 09th Jan Early"]
[Site "Chess.com INT"]
[Date "2024.01.09"]
[Round "3"]
[White "Daneshvar, Bardiya"]
[Black "Tejedor Fuente, Enrique"]
[Result "1-0"]
[WhiteElo "2597"]
[BlackElo "2395"]
[PlyCount "107"]
[EventDate "2024.01.09"]
[EventType "swiss (blitz)"]
[EventRounds "11"]
[EventCountry "USA"]
[SourceTitle "CB03_2024"]
[SourceDate "2024.01.17"]
[SourceVersion "1"]
[SourceVersionDate "2024.01.17"]
[SourceQuality "1"]

1. b3 d5 2. Bb2 e6 3. Nf3 Nf6 4. c4 c5 5. e3 Nc6 6. cxd5 Nxd5 7. Nc3 Ndb4 8. Qb1 Be7 9. h4 h6 10. a3 Na6 11. Ne4 f5 12. Ng3 0-0 13. Nh5 Rf7 14. Bb5 Nab8 15. Rg1 a6 16. Be2 Nd7 17. g4 fxg4 18. Rxg4 Nf6 19. Qg6 Qf8 20. Bd3 e5 21. Nxf6+ Rxf6 22. Qh7+ Kf7 23. Bc4+ Ke8 24. Rxg7 Rxf3 25. Rg8 Bd7 26. Rxf8+ Rxf8 27. Qxh6 Kd8 28. Bd5 Kc7 29. Bxc6 Bxc6 30. Qe6 Rae8 31. Qxe5+ Kd7 32. Qh2 Bd6 33. Qh3+ Kc7 34. h5 Rg8 35. 0-0-0 Bd7 36. Qh4 Be7 37. Bf6 Bd6 38. h6 Rgf8 39. h7 Be6 40. h8Q Rxh8 41. Bxh8 Bxb3 42. Rg1 c4 43. Bc3 Bxa3+ 44. Kb1 Kb8 45. Rg7 Ka8 46. Qh7 Rb8 47. Rg8 Rxg8 48. Qxg8+ Ka7 49. Bd4+ b6 50. Qf7+ Kb8 51. Bxb6 Bd6 52. Qd7 Bh2 53. f4 c3 54. Qc7+ 1-0

[Event "Titled Tuesday intern op 09th Jan Early"]
[Site "Chess.com INT"]
[Date "2024.01.09"]
[Round "11"]
[White "Kuhn, Clement"]
[Black "Tejedor Fuente, Enrique"]
[Result "0-1"]
[WhiteElo "2338"]
[BlackElo "2395"]
[PlyCount "68"]
[EventDate "2024.01.09"]
[EventType "swiss (blitz)"]
[EventRounds "11"]
[EventCountry "USA"]
[SourceTitle "CB03_2024"]
[SourceDate "2024.01.17"]
[SourceVersion "1"]
[SourceVersionDate "2024.01.17"]
[SourceQuality "1"]

1. Nf3 d6 2. d4 g6 3. b3 Bg7 4. Bb2 Nc6 5. g3 Bg4 6. Bg2 Nh6 7. 0-0 0-0 8. c4 Nf5 9. e3 e5 10. d5 Nce7 11. Nbd2 e4 12. Bxg7 exf3 13. Bxf8 fxg2 14. Bxe7 gxf1Q+ 15. Nxf1 Qxe7 16. Qxg4 a5 17. e4 Nd4 18. Nd2 a4 19. Qd1 axb3 20. axb3 Rxa1 21. Qxa1 Qf6 22. Qa8+ Kg7 23. Qxb7 Qg5 24. f4 Qh5 25. Qxc7 Qd1+ 26. Nf1 Qe2 27. Nd2 Qxd2 28. Qxd6 Nf3+ 29. Kf1 Nxh2+ 30. Kg1 Nf3+ 31. Kf1 Qe1+ 32. Kg2 Qe2+ 33. Kh3 Ng1+ 34. Kh4 Qh5# 0-1

[Event "Roquetas de Mar op 35th"]
[Site "Roquetas de Mar"]
[Date "2024.01.04"]
[Round "4"]
[White "Tejedor Fuente, Enrique"]
[Black "Fiorito, Fabian"]
[Result "1-0"]
[WhiteElo "2395"]
[BlackElo "2274"]
[PlyCount "65"]
[EventDate "2024.01.02"]
[EventType "swiss"]
[EventRounds "9"]
[EventCountry "ESP"]
[SourceTitle "CB02_2024"]
[SourceDate "2024.01.10"]
[SourceVersion "1"]
[SourceVersionDate "2024.01.10"]
[SourceQuality "1"]

1. e4 e6 2. d4 d5 3. Nd2 dxe4 4. Nxe4 Nd7 5. Bd3 Ngf6 6. Qe2 c5 7. Nxc5 Nxc5 8. dxc5 Bxc5 9. Nf3 0-0 10. Bg5 h6 11. Bh4 Qa5+ 12. c3 Nd5 13. 0-0 Bd6 14. Bg3 Bxg3 15. hxg3 Nf6 16. Ne5 Qc7 17. g4 Nd7 18. f4 Nxe5 19. fxe5 Qe7 20. Qe4 f5 21. exf6 gxf6 22. Rae1 e5 23. Rf3 Be6 24. Rh3 Qg7 25. Qe3 Rfd8 26. Bf5 Bxf5 27. gxf5 Kh7 28. Rg3 Qf8 29. Rg6 Rd7 30. Qh3 Rad8 31. Re4 Rd1+ 32. Kh2 R1d3 33. Qh5 1-0

[Event "Roquetas de Mar op 35th"]
[Site "Roquetas de Mar"]
[Date "2024.01.03"]
[Round "3"]
[White "Alba Fernandez, Nicolas"]
[Black "Tejedor Fuente, Enrique"]
[Result "0-1"]
[WhiteElo "2123"]
[BlackElo "2395"]
[PlyCount "48"]
[EventDate "2024.01.02"]
[EventType "swiss"]
[EventRounds "9"]
[EventCountry "ESP"]
[SourceTitle "CB02_2024"]
[SourceDate "2024.01.10"]
[SourceVersion "1"]
[SourceVersionDate "2024.01.10"]
[SourceQuality "1"]

1. d4 Nf6 2. c4 e6 3. Nc3 Bb4 4. Qc2 d5 5. cxd5 exd5 6. Bg5 h6 7. Bh4 g5 8. Bg3 Ne4 9. e3 c5 10. dxc5 Qa5 11. Rc1 Nd7 12. Nge2 Ndxc5 13. a3 Bxc3+ 14. Nxc3 Bf5 15. b4 Qxa3 16. Nxd5 Rc8 17. Bc7 0-0 18. bxc5 Rxc7 19. Nxc7 Qa5+ 20. Ke2 Rd8 21. Kf3 g4+ 22. Kf4 Qxc7+ 23. Kxf5 Rd5+ 24. Kxg4 Qd7+ 0-1

[Event "Iberoamerican-ch Rapid"]
[Site "Sant Boi"]
[Date "2023.12.09"]
[Round "4"]
[White "Tejedor Fuente, Enrique"]
[Black "Pichot, Alan"]
[Result "1/2-1/2"]
[WhiteElo "2390"]
[BlackElo "2651"]
[PlyCount "91"]
[EventDate "2023.12.09"]
[EventType "swiss (rapid)"]
[EventRounds "9"]
[EventCountry "ESP"]
[SourceTitle "CB50_2023"]
[SourceDate "2023.12.13"]
[SourceVersion "1"]
[SourceVersionDate "2023.12.13"]
[SourceQuality "1"]

1. e4 e5 2. Nf3 Nc6 3. d4 exd4 4. Nxd4 Qf6 5. Nb5 Bc5 6. Qe2 Bb6 7. N1c3 Nge7 8. Be3 Ba5 9. 0-0-0 a6 10. Nd5 Nxd5 11. exd5 axb5 12. dxc6 bxc6 13. Bd4+ Qe6 14. Bxg7 Rg8 15. Qxe6+ fxe6 16. Bd4 Bb6 17. Bxb6 cxb6 18. a3 Rf8 19. f3 Ke7 20. Rd4 h6 21. Rh4 Rf6 22. Bd3 d5 23. Re1 Kd6 24. f4 Bd7 25. g3 c5 26. c3 Ra4 27. Bc2 Ra8 28. Re5 Be8 29. Kd2 Ra7 30. Bd3 Ra4 31. Bc2 Ra7 32. Bd3 Ra4 33. Bc2 Ra8 34. Rg4 Bd7 35. Rg7 Raf8 36. Rh7 R8f7 37. Rh8 Rf8 38. Rh7 R8f7 39. Rh8 Rf8 40. Rxf8 Rxf8 41. Ke3 Bc6 42. Bd3 Rf6 43. Bc2 Rf8 44. Bd3 Rf6 45. Bc2 Rf8 46. Bd3 1/2-1/2

[Event "Iberoamerican-ch Rapid"]
[Site "Sant Boi"]
[Date "2023.12.09"]
[Round "9"]
[White "Tejedor Fuente, Enrique"]
[Black "Villa Tornero, Alex"]
[Result "1-0"]
[WhiteElo "2390"]
[BlackElo "2310"]
[PlyCount "85"]
[EventDate "2023.12.09"]
[EventType "swiss (rapid)"]
[EventRounds "9"]
[EventCountry "ESP"]
[SourceTitle "CB50_2023"]
[SourceDate "2023.12.13"]
[SourceVersion "1"]
[SourceVersionDate "2023.12.13"]
[SourceQuality "1"]

1. c4 e6 2. Nc3 Nf6 3. e4 c5 4. e5 Ng8 5. Nf3 Nc6 6. d4 cxd4 7. Nxd4 Nxd4 8. Qxd4 Ne7 9. Bf4 Nc6 10. Qe3 Qa5 11. Be2 Bc5 12. Qg3 Bd4 13. 0-0 Bxe5 14. Nb5 Bxf4 15. Qxf4 0-0 16. Qd6 a6 17. Nc3 Qe5 18. Rfd1 Rb8 19. Qxe5 Nxe5 20. Rd6 f6 21. Rad1 Nf7 22. Rb6 Rd8 23. c5 f5 24. Bxa6 Kf8 25. Be2 Ra8 26. Bf3 Ra5 27. b4 Ra3 28. Rc1 d6 29. cxd6 Ne5 30. Be2 f4 31. h4 g6 32. Kh2 h6 33. Rc2 Bd7 34. Rxb7 Bc6 35. Rb6 f3 36. gxf3 Bxf3 37. Nb5 Ra4 38. Nd4 Be4 39. Nxe6+ Ke8 40. Bb5+ Bc6 41. Rcxc6 Rxa2 42. Rc2+ Nd7 43. Rxa2 1-0

[Event "ESP-ch 88th"]
[Site "Marbella"]
[Date "2023.10.18"]
[Round "6"]
[White "Gomez Arce, Alejandro"]
[Black "Tejedor Fuente, Enrique"]
[Result "0-1"]
[WhiteElo "2169"]
[BlackElo "2387"]
[PlyCount "66"]
[EventDate "2023.10.13"]
[EventType "swiss"]
[EventRounds "9"]
[EventCountry "ESP"]
[SourceTitle "Mega2024 Update 01"]
[Source "Chessbase"]
[SourceDate "2023.11.12"]
[SourceVersion "1"]
[SourceVersionDate "2023.11.12"]
[SourceQuality "1"]

1. e4 c5 2. Nf3 d6 3. d4 cxd4 4. Nxd4 Nf6 5. Nc3 a6 6. h3 g6 7. Be3 Bg7 8. Qd2 h5 9. f3 Nc6 10. Be2 Nxd4 11. Bxd4 Be6 12. 0-0 Rc8 13. a4 0-0 14. a5 Bc4 15. Rfd1 Rc6 16. Kh1 Qc8 17. Rac1 Be6 18. Na4 Nd7 19. Bxg7 Kxg7 20. b3 f6 21. f4 Bf7 22. Bf3 Qc7 23. e5 fxe5 24. f5 Nf6 25. fxg6 e4 26. Bxh5 Be6 27. Rf1 Rh8 28. Bd1 Bxb3 29. Nb6 Be6 30. Qf4 Rc3 31. Qd2 Bxh3 32. Rxf6 Bf5+ 33. Kg1 Qc5+ 0-1

[Event "ESP-ch 88th"]
[Site "Marbella"]
[Date "2023.10.17"]
[Round "5"]
[White "Tejedor Fuente, Enrique"]
[Black "Yuffa, Daniil"]
[Result "0-1"]
[WhiteElo "2387"]
[BlackElo "2606"]
[PlyCount "94"]
[EventDate "2023.10.13"]
[EventType "swiss"]
[EventRounds "9"]
[EventCountry "ESP"]
[SourceTitle "Mega2024 Update 01"]
[Source "Chessbase"]
[SourceDate "2023.11.12"]
[SourceVersion "1"]
[SourceVersionDate "2023.11.12"]
[SourceQuality "1"]

1. e4 c6 2. Nf3 d5 3. d3 Bg4 4. Nbd2 e6 5. h3 Bh5 6. g4 Bg6 7. h4 h5 8. Ne5 Ne7 9. g5 Qc7 10. Nxg6 Nxg6 11. d4 Be7 12. c3 c5 13. exd5 exd5 14. Nf3 0-0 15. Be3 Re8 16. Qa4 Nc6 17. Rd1 cxd4 18. Nxd4 Nxd4 19. cxd4 Bd6 20. Kd2 Bf4 21. Rh3 Rac8 22. Bd3 Bxe3+ 23. fxe3 Nf4 24. Rf3 Nxd3 25. Kxd3 Re6 26. Rd2 Qc1 27. Qb3 Rce8 28. Qxd5 Qb1+ 29. Rc2 Qe1 30. Re2 Qxh4 31. Qxb7 R6e7 32. Qd5 g6 33. Ref2 Qh1 34. Qb3 Qc1 35. Re2 Qb1+ 36. Qc2 Qxa2 37. b3 Qa1 38. Ref2 Qg1 39. Re2 Qxg5 40. Qc4 h4 41. e4 Qg4 42. Rfe3 Rc8 43. Qb4 Rec7 44. d5 Qf4 45. Qd4 Qf1 46. Qb2 Rc1 47. e5 Rd1+ 0-1

[Event "ESP-ch 88th"]
[Site "Marbella"]
[Date "2023.10.15"]
[Round "3"]
[White "Tejedor Fuente, Enrique"]
[Black "Pulvett Marin, Daniel Eduardo"]
[Result "1/2-1/2"]
[WhiteElo "2387"]
[BlackElo "2496"]
[PlyCount "100"]
[EventDate "2023.10.13"]
[EventType "swiss"]
[EventRounds "9"]
[EventCountry "ESP"]
[SourceTitle "Mega2024 Update 01"]
[Source "Chessbase"]
[SourceDate "2023.11.12"]
[SourceVersion "1"]
[SourceVersionDate "2023.11.12"]
[SourceQuality "1"]

1. e4 c5 2. Nf3 d6 3. d4 cxd4 4. Nxd4 Nf6 5. Nc3 a6 6. Bg5 e6 7. Qd2 Be7 8. Be2 h6 9. Be3 Qc7 10. f3 Nc6 11. 0-0 Ne5 12. a4 Bd7 13. a5 Rc8 14. Kh1 Nc4 15. Bxc4 Qxc4 16. Rfd1 0-0 17. Nde2 e5 18. b3 Qc6 19. Ra2 Rce8 20. Ra4 Qc7 21. Bb6 Qb8 22. Raa1 Qc8 23. Be3 Kh7 24. Ng3 Rg8 25. Na4 Be6 26. Nb6 Qc7 27. Qd3 g6 28. c4 h5 29. Qd2 h4 30. Ne2 g5 31. h3 Rg6 32. Nc3 Reg8 33. Ra2 Bf8 34. Ncd5 Qd8 35. Qe1 Nh5 36. Rad2 f5 37. exf5 Bxf5 38. c5 dxc5 39. Ne7 Qxe7 40. Rd7 Bxd7 41. Rxd7 Ng3+ 42. Kh2 e4 43. Qd1 Qxd7 44. Qxd7+ R8g7 45. Qc8 Bd6 46. Nc4 Bc7 47. Kg1 exf3 48. gxf3 Rf6 49. Qxb7 Rgf7 50. Kg2 Bf4 1/2-1/2

[Event "Titled Tuesday intern op 29th Aug Late"]
[Site "Chess.com INT"]
[Date "2023.08.29"]
[Round "11"]
[White "Bluebaum, Matthias"]
[Black "Tejedor Fuente, Enrique"]
[Result "1-0"]
[WhiteElo "2670"]
[BlackElo "2386"]
[PlyCount "53"]
[EventDate "2023.08.29"]
[EventType "swiss (blitz)"]
[EventRounds "11"]
[EventCountry "USA"]
[SourceTitle "EXT 2024"]
[Source "ChessBase"]
[SourceDate "2023.10.10"]
[SourceVersion "1"]
[SourceVersionDate "2023.10.10"]
[SourceQuality "1"]

1. d4 d5 2. c4 c6 3. Nf3 Nf6 4. Nc3 dxc4 5. e4 b5 6. Qc2 e6 7. Be2 Bb7 8. 0-0 Nbd7 9. b3 b4 10. e5 bxc3 11. exf6 gxf6 12. bxc4 Qa5 13. Rb1 Ba6 14. Qe4 Rc8 15. Bf4 Ba3 16. Rb3 f5 17. Qe3 Bb2 18. Bd6 Rg8 19. Ng5 Rg6 20. Bh5 f4 21. Bxg6 hxg6 22. Qxf4 Qf5 23. Qh4 Nf6 24. Ne4 Ng8 25. Bc5 Rd8 26. Nd6+ Rxd6 27. Rb8+ 1-0

[Event "Titled Tuesday intern op 29th Aug Late"]
[Site "Chess.com INT"]
[Date "2023.08.29"]
[Round "2"]
[White "Polaczek, Richard"]
[Black "Tejedor Fuente, Enrique"]
[Result "0-1"]
[WhiteElo "2302"]
[BlackElo "2386"]
[PlyCount "104"]
[EventDate "2023.08.29"]
[EventType "swiss (blitz)"]
[EventRounds "11"]
[EventCountry "USA"]
[SourceTitle "EXT 2024"]
[Source "ChessBase"]
[SourceDate "2023.10.10"]
[SourceVersion "1"]
[SourceVersionDate "2023.10.10"]
[SourceQuality "1"]

1. d4 Nf6 2. c4 b6 3. Nc3 Bb7 4. f3 e6 5. e4 d6 6. Be3 Nbd7 7. Nh3 g6 8. Nf2 Bg7 9. Be2 0-0 10. 0-0 e5 11. d5 a5 12. a3 Nh5 13. b4 f5 14. Nd3 f4 15. Bf2 g5 16. c5 axb4 17. axb4 Rxa1 18. Qxa1 bxc5 19. bxc5 Bc8 20. Qa3 Rf6 21. cxd6 cxd6 22. Nb5 Bf8 23. Rc1 Rh6 24. Qa8 Nb6 25. Qb8 Qe8 26. Bxb6 Ng3 27. Rxc8 Nxe2+ 28. Kf2 Qe7 29. Kxe2 Rxh2 30. Ne1 g4 31. Qc7 Qxc7 32. Nxc7 Kf7 33. Ne6 Be7 34. Rc7 Kf6 35. Ba5 h5 36. Bb4 h4 37. Kf2 h3 38. Kg1 g3 39. Ba5 hxg2 40. Nxg2 Rh8 41. Rc8 Rxc8 42. Be1 Rc1 43. Nexf4 exf4 44. Nxf4 Rxe1+ 45. Kg2 Ra1 46. Kxg3 Kf7 47. Kg4 Bf6 48. Kf5 Be5 49. Ng6 Rf1 50. Nxe5+ dxe5 51. Kxe5 Rxf3 52. d6 Ke8 0-1

[Event "Titled Tuesday intern op 29th Aug Late"]
[Site "Chess.com INT"]
[Date "2023.08.29"]
[Round "5"]
[White "Santos Latasa, Jaime"]
[Black "Tejedor Fuente, Enrique"]
[Result "0-1"]
[WhiteElo "2656"]
[BlackElo "2386"]
[PlyCount "82"]
[EventDate "2023.08.29"]
[EventType "swiss (blitz)"]
[EventRounds "11"]
[EventCountry "USA"]
[SourceTitle "EXT 2024"]
[Source "ChessBase"]
[SourceDate "2023.10.10"]
[SourceVersion "1"]
[SourceVersionDate "2023.10.10"]
[SourceQuality "1"]

1. e4 c5 2. Nf3 d6 3. Nc3 Nc6 4. d4 cxd4 5. Nxd4 Nf6 6. Bg5 e6 7. Qd3 a6 8. Nxc6 bxc6 9. 0-0-0 Qa5 10. f4 Nd7 11. Bh4 Rb8 12. Qe3 Qb6 13. Qxb6 Nxb6 14. Be2 d5 15. b3 Ba3+ 16. Kb1 0-0 17. Bf3 a5 18. Bf2 Bb4 19. Bd4 Nc4 20. Na4 Na3+ 21. Kb2 Nb5 22. Bc5 Re8 23. a3 Nxa3 24. e5 Nc4+ 25. Ka2 Bxc5 26. Nxc5 Nb6 27. Kb2 a4 28. Kc3 axb3 29. cxb3 Nd7 30. Nxd7 Bxd7 31. Ra1 Rb7 32. Ra3 Reb8 33. Rha1 c5 34. Bd1 h6 35. Ra5 Rc7 36. Ra7 Rbc8 37. Rxc7 Rxc7 38. Ra8+ Kh7 39. Bc2+ g6 40. h4 Bc6 41. g3 Bxa8 0-1

[Event "Titled Tuesday intern op 29th Aug Late"]
[Site "Chess.com INT"]
[Date "2023.08.29"]
[Round "10"]
[White "Tejedor Fuente, Enrique"]
[Black "Tari, Aryan"]
[Result "1-0"]
[WhiteElo "2386"]
[BlackElo "2629"]
[PlyCount "79"]
[EventDate "2023.08.29"]
[EventType "swiss (blitz)"]
[EventRounds "11"]
[EventCountry "USA"]
[SourceTitle "EXT 2024"]
[Source "ChessBase"]
[SourceDate "2023.10.10"]
[SourceVersion "1"]
[SourceVersionDate "2023.10.10"]
[SourceQuality "1"]

1. d4 Nf6 2. Nf3 g6 3. Nbd2 d5 4. e3 Bg7 5. b4 0-0 6. Bb2 a5 7. b5 c5 8. bxc6 Nxc6 9. a3 a4 10. Bd3 Qa5 11. 0-0 b5 12. Qe2 Ba6 13. Ne5 Nxe5 14. dxe5 Nd7 15. f4 e6 16. Bd4 Rfc8 17. Rab1 Bf8 18. Ra1 Nc5 19. f5 Nxd3 20. fxe6 fxe6 21. cxd3 Rc2 22. Rf2 b4 23. Raf1 Bg7 24. Qf3 Qc7 25. Qg4 Re8 26. e4 Bxd3 27. Rf7 Qxf7 28. Rxf7 Rxd2 29. Rxg7+ Kxg7 30. exd5 Bf5 31. Qh4 Rd1+ 32. Kf2 Rf8 33. h3 bxa3 34. Be3 a2 35. Bh6+ Kg8 36. Qe7 Rd2+ 37. Kg3 Rxg2+ 38. Kxg2 Be4+ 39. Kg3 Rf3+ 40. Kg4 1-0

[Event "Titled Tuesday intern op 29th Aug Late"]
[Site "Chess.com INT"]
[Date "2023.08.29"]
[Round "6"]
[White "Tejedor Fuente, Enrique"]
[Black "Zhigalko, Sergei"]
[Result "1-0"]
[WhiteElo "2386"]
[BlackElo "2572"]
[PlyCount "67"]
[EventDate "2023.08.29"]
[EventType "swiss (blitz)"]
[EventRounds "11"]
[EventCountry "USA"]
[SourceTitle "EXT 2024"]
[Source "ChessBase"]
[SourceDate "2023.10.10"]
[SourceVersion "1"]
[SourceVersionDate "2023.10.10"]
[SourceQuality "1"]

1. d4 Nf6 2. Nf3 e6 3. Bg5 h6 4. Bxf6 Qxf6 5. Nbd2 d6 6. e4 e5 7. c3 Nd7 8. Bc4 c6 9. a4 g6 10. 0-0 h5 11. a5 Bh6 12. Bd3 0-0 13. Nc4 Rb8 14. Ne3 Re8 15. Re1 Nf8 16. d5 Bg4 17. h3 Bxf3 18. Qxf3 Qxf3 19. gxf3 Bxe3 20. fxe3 cxd5 21. exd5 Rec8 22. a6 b6 23. Bb5 Rc7 24. Ra4 Kg7 25. h4 Nh7 26. Bc6 f5 27. Kf2 Kf6 28. Rg1 Rg8 29. Raa1 g5 30. hxg5+ Nxg5 31. Rh1 Rcg7 32. Rxh5 Nh3+ 33. Ke2 Rg2+ 34. Kd3 1-0

[Event "Carballo Xiria"]
[Site "Carballo"]
[Date "2023.08.26"]
[Round "9"]
[White "Tejedor Fuente, Enrique"]
[Black "Veiga, Jose Francisco RP"]
[Result "1/2-1/2"]
[WhiteElo "2386"]
[BlackElo "2389"]
[PlyCount "32"]
[EventDate "2023.08.21"]
[EventType "tourn"]
[EventRounds "9"]
[EventCountry "ESP"]
[EventCategory "6"]
[SourceTitle "CBM 215 Extra"]
[Source "ChessBase"]
[SourceDate "2023.09.30"]
[SourceVersion "1"]
[SourceVersionDate "2023.09.30"]
[SourceQuality "1"]

1. b3 Nf6 2. Bb2 g6 3. g3 Bg7 4. Bg2 0-0 5. Nf3 c6 6. 0-0 d5 7. d3 Bg4 8. Nbd2 Nbd7 9. d4 Re8 10. a4 Rc8 11. c4 a6 12. h3 Bf5 13. Nh4 Be6 14. Nhf3 Bf5 15. Nh4 Be6 16. Nhf3 Bf5 1/2-1/2

[Event "Carballo Xiria"]
[Site "Carballo"]
[Date "2023.08.25"]
[Round "8"]
[White "Petkov, Vladimir"]
[Black "Tejedor Fuente, Enrique"]
[Result "1-0"]
[WhiteElo "2448"]
[BlackElo "2386"]
[PlyCount "84"]
[EventDate "2023.08.21"]
[EventType "tourn"]
[EventRounds "9"]
[EventCountry "ESP"]
[EventCategory "6"]
[SourceTitle "CBM 215 Extra"]
[Source "ChessBase"]
[SourceDate "2023.09.30"]
[SourceVersion "1"]
[SourceVersionDate "2023.09.30"]
[SourceQuality "1"]

1. d4 Nf6 2. Nf3 e6 3. c4 d5 4. g3 c6 5. Qd3 Na6 6. a3 c5 7. cxd5 Nxd5 8. Bg2 Be7 9. 0-0 0-0 10. Nc3 Nf6 11. Rd1 Qa5 12. Bf4 cxd4 13. Qb5 Qxb5 14. Nxb5 d3 15. Rxd3 Nc5 16. Rdd1 a6 17. Bd6 Bxd6 18. Nxd6 Nb3 19. Rab1 Nd5 20. Ne5 a5 21. Ndxf7 Ra6 22. e4 Nf6 23. Nd6 a4 24. f4 Rd8 25. Nxb7 Rf8 26. Nd6 Rd8 27. Nec4 h5 28. e5 Nd5 29. f5 Ne7 30. Nxc8 Rxc8 31. Bb7 Rxc4 32. Bxa6 Rc6 33. Rd8+ Kf7 34. Bb5 exf5 35. Bxc6 Nxc6 36. Ra8 Nxe5 37. Rxa4 g5 38. Rf1 Ke6 39. Ra6+ Kd5 40. Rxf5 Ke4 41. Rxe5+ Kxe5 42. Rb6 Kd5 1-0

[Event "Carballo Xiria"]
[Site "Carballo"]
[Date "2023.08.22"]
[Round "2"]
[White "Tejedor Fuente, Enrique"]
[Black "Gomez Ledo, Roberto Carlos"]
[Result "1/2-1/2"]
[WhiteElo "2386"]
[BlackElo "2450"]
[PlyCount "110"]
[EventDate "2023.08.21"]
[EventType "tourn"]
[EventRounds "9"]
[EventCountry "ESP"]
[EventCategory "6"]
[SourceTitle "CBM 215 Extra"]
[Source "ChessBase"]
[SourceDate "2023.09.30"]
[SourceVersion "1"]
[SourceVersionDate "2023.09.30"]
[SourceQuality "1"]

1. e4 e5 2. Nf3 Nc6 3. d4 exd4 4. Nxd4 Bc5 5. Nb3 Bb4+ 6. c3 Be7 7. Bd3 Nf6 8. Bf4 d6 9. N1d2 0-0 10. 0-0 Ng4 11. Nd4 Nge5 12. Be2 Ng6 13. Be3 Nxd4 14. Bxd4 f5 15. exf5 Bxf5 16. Bg4 Qd7 17. Bxf5 Qxf5 18. Qb3+ d5 19. Qxb7 Bd6 20. Rfe1 Rab8 21. Qxa7 Rxb2 22. Nf1 h5 23. c4 Rc2 24. cxd5 h4 25. Re6 Be5 26. Bxe5 Nxe5 27. Qd4 Ng4 28. h3 Nxf2 29. Ne3 Nxh3+ 30. Kh2 Qf2 31. Rg6 Qf4+ 32. Qxf4 Nxf4 33. Rxg7+ Kxg7 34. Nxc2 Nxd5 35. a4 Rf2 36. Ne1 Rf6 37. Nf3 Rh6 38. Rc1 Ra6 39. Rc5 c6 40. a5 Kf6 41. Nd4 Ne7 42. Kh3 Ra8 43. Nxc6 Rc8 44. Ne5 Rxc5 45. Nd7+ Ke6 46. Nxc5+ Kd5 47. Nb3 Nf5 48. Kg4 Ne3+ 49. Kf3 Nc2 50. Ke2 Nb4 51. Nd2 Kc5 52. Nf3 Nd5 53. Ne5 Nf4+ 54. Kf3 h3 55. gxh3 Nxh3 1/2-1/2